000 00523nam a2200157 a 4500
008 081120s2006 ||||||||||||||||| || u
020 _a0751539368
050 _aPR 6055 .V213 H67
100 _aEvans, Nicholas
245 1 4 _aThe horse whisperer
260 _aLondon
_bTime Warner Books
_c2006
300 _a433p.
350 _a0.00
650 _aENGLISH LANGUAGE
995 _D65000.00
_FCBU-MAIN LIBRARY (Kitwe)
_H1
_I0.00
_M1
_UAVAILABLE
_WNov 25, 2008
_ZFiction Collection
999 _c45671
_d45671